00448nam a2200121Ia 4500008004100000100003100041245008800072245004800160260005900208650001800267650001500285856002600300170221s9999 xx 000 0 und d aSeçil Deren Van Het Hof. aInstrumental, Strategic and Political Conception of Corporate Social Responsibility cSeçil Deren Van Het Hof , Sibel Hoştut. bOnline Journal of Communication and Media Technologies xCommunication xMedia Arts uhttp://www.ojcmt.net/